Szczegóły MARC21

Prawo morskie : umowa przewozu ładunku : materiały do ćwiczeń /

003 -Nazwa inst., której nr kontr. jest w polu 001 [,]
    • @
    • Nazwa instytucji, której n kontrolny jest w polu 001
    • NUKAT
005 -DATA I CZAS OSTATNIEJ MODYFIKACJI [,]
    • @
    • pole kontrolne
    • 20250613162543.0
020 -Międzynarod. znormalizowany nr książki - ISBN [ , ]
    • a
    • Numer ISBN
    • 8370171478 Find
040 -Instytucja sporządzająca opis [ , ]
    • a
    • Instytucja, która sporządziła opis (NP)
    • KAT U/24GM
    • c
    • Instytucja, która sporządziła rekord (NP)
    • KAT U/24GMs
    • d
    • Instytucja, która zmodyfikowała rekord (P)
    • KAT U/24DG
041 -Język dokumentu [1, ]
    • a
    • Język tekstu (P)
    • polski
    • a
    • Język tekstu (P)
    • angielski
    • h
    • Język tekstu oryginalnego i/lub pośredniego (P)
    • angielski
942 -Rodzaj dokumentu [ , ]
    • c
    • Rodzaj dokumentu
    • Książka
100 -Hasło główne - nazwa osobowa [1, ]
    • a
    • Nazwa osobowa (NP)
    • Lewandowski, Piotr
    • d
    • Daty biograficzne (NP)
    • (1958- ).
    • 9
    • KHW
    • 72495
245 -Strefa tytułu i oznaczenia odpowiedzialności [1,0]
    • a
    • Tytuł
    • Prawo morskie : Find
    • b
    • Ciąg dalszy tytułu (NP)
    • umowa przewozu ładunku : materiały do ćwiczeń / Find
    • c
    • Pozostałe elementy strefy tytułu i oznaczenia odpowiedzialności (NP)
    • Piotr Lewandowski, Wanda Nowina-Konopczyna, Piotr Nowina-Konopka.
260 -Strefa adresu wydawniczego [ , ]
    • a
    • Miejsce wydania (P)
    • Gdańsk :
    • b
    • Nazwa wydawcy (P)
    • [s.n.],
    • c
    • Data wydania (P)
    • 1987
    • e
    • Miejsce druku (NP)
    • (Sopot :
    • f
    • Nazwa drukarni (P)
    • Dział Poligrafii Uniwersytetu Gdańskiego).
300 -Strefa opisu fizycznego [ , ]
    • a
    • Określenie formy książki i/lub objętość (NP)
    • 262 s. ;
    • c
    • Format (NP)
    • 24 cm.
336 -Typ zawartości [ , ]
    • a
    • Termin opisujący typ zawartości
    • Tekst
    • b
    • Kod określający zawartość
    • txt
    • 2
    • Źródło (terminu i kodu)
    • rdacontent
337 -Typ mediów [ , ]
    • a
    • Tryb odtwarzania
    • Bez urządzenia pośredniczącego
    • b
    • Kod typu mediów
    • n
    • 2
    • Źródło (terminu i kodu)
    • rdamedia
338 -Typ/rodzaj nośnika [ , ]
    • a
    • Hasło opisujące typ nośnika
    • Wolumin
    • b
    • Kod typu nośnika
    • nc
    • 2
    • Źródło (terminu i kodu)
    • rdacarrier
490 -Strefa serii i książki wielotomowej - forma nie do wyszukiwania [1, ]
    • a
    • Tytuł (P)
    • Skrypty Uczelniane / Uniwersytet Gdański Find
830 -Hasło dodatkowe serii i opisu książki wielotomowej - tytuł ujednolicony/tytuł [ ,0]
    • a
    • Tytuł ujednolicony/tytuł (NP)
    • Skrypty Uczelniane - Uniwersytet Gdański
    • 9
    • KHW
    • 16593
521 -Uwaga dot. przeznaczenia czytelniczego [8, ]
    • a
    • Uwaga dot. przeznaczenia czytelniczego
    • Dla studentów kierunku prawa oraz ekonomiki transportu morskiego.
546 -Uwaga dot. języka [ , ]
    • a
    • Uwaga dot. języka
    • Wzory dokumentów w jęz. ang. i w tł. na jęz. pol.
080 -Uniwersalna Klasyfikacja Dziesiętna [ , ]
    • a
    • Symbol klasyfikacji
    • 347.796(438)(075.8)
650 -Hasło przedmiotowe [ ,7]
    • a
    • Hasło przedmiotowe
    • Prawo morskie
    • v
    • Określnik formalny
    • podręczniki akademickie.
    • 2
    • Źródło terminu
    • kaba
    • 9
    • KHW
    • 360262
650 -Hasło przedmiotowe [ ,7]
    • a
    • Hasło przedmiotowe
    • Umowy morskie.
    • 2
    • Źródło terminu
    • kaba
    • 9
    • KHW
    • 134587
650 -Hasło przedmiotowe [ ,7]
    • a
    • Hasło przedmiotowe
    • Czarter (prawo morskie).
    • 2
    • Źródło terminu
    • kaba
    • 9
    • KHW
    • 105402
650 -Hasło przedmiotowe [ ,7]
    • a
    • Hasło przedmiotowe
    • Konosament.
    • 2
    • Źródło terminu
    • kaba
    • 9
    • KHW
    • 115071
650 -Hasło przedmiotowe [ ,7]
    • a
    • Hasło przedmiotowe
    • Dokumenty przewozowe.
    • 2
    • Źródło terminu
    • kaba
    • 9
    • KHW
    • 106172
980 -Symbol UKD [ , ]
    • a
    • UKD
    • 347.796(438)(075.8)
700 -Hasło dodatkowe - nazwa osobowa [1, ]
    • a
    • Nazwa osobowa (NP)
    • Nowina-Konopczyna, Wanda. Find
    • 9
    • KHW
    • 589587
700 -Hasło dodatkowe - nazwa osobowa [1, ]
    • a
    • Nazwa osobowa (NP)
    • Nowina-Konopka, Piotr Find
    • d
    • Daty biograficzne (NP)
    • (1949-2025).
    • 9
    • KHW
    • 589588
710 -Hasło dodatkowe - nazwa ciała zbiorowego [2, ]
    • a
    • Nazwa ciała zbiorowego lub nazwa geograficzna jako pierwszy element (NP)
    • Uniwersytet Gdański.
    • b
    • Nazwa jednostki podrzędnej (P)
    • Wydawnictwo.
    • 4
    • Kod relacji
    • pbl
    • 9
    • KHW
    • 53330
920 -ISBN [ , ]
    • a
    • ISBN
    • 83-7017-147-8 Find
Sygnatura Status udost. Numer inwentarzowy Lokalizacja Data inwentaryzacji
 -2E.56179BE2000-08-07
 2S.59124BE2000-08-07
 2S.59125BE2000-08-07
 2S.59126BE2000-08-07
 2S.59127BE2000-08-07
 2S.59128BE2000-08-07
 2S.59129BE2000-08-07
 2S.59130BE2000-08-07
 2S.59131BE2000-08-07
 2S.59132BE2000-08-07
W.147436-3W.149363BG2000-08-07
W.147436-3W.149364BG2000-08-07
W.147436-3W.149365BG2000-08-07
Z.687331Z.68733BG2000-08-07
W.147436-3W.147436BG2000-08-07
W.147436-3W.147437BG2000-08-07
W.147436-3W.147438BG2000-08-07
W.147436-3W.147439BG2000-08-07
W.147436-3W.147440BG2000-08-07
W.147436-3W.147441BG2000-08-07
W.147436-3W.147442BG2000-08-07
W.147436-3W.147443BG2000-08-07
W.147436-3W.147444BG2000-08-07
W.147436-3W.147445BG2000-08-07
SA.32351SA.3235BSA2000-08-07
 -3T.3748T2000-12-12
 -3TS.59133T2000-08-07